Minecraft overworld ores in 20 seconds - Statistics

General Stats
  • This quiz has been taken 24 times
  • The average score is 6 of 8
Answer Stats
% Correct
Diamond
100%
Copper
90%
Iron
90%
Gold
85%
Coal
80%
Emerald
75%
Redstone
75%
Lapis-lazuli
50%
No matching quizzes found
Score Distribution
Percent of People with Each Score
Percentile by Number Answered
Your Score History
You have not taken this quiz